000
002300000a22000970004500
100
1
_a
Rubio, Antonio
245
1
0
_a
ETA : La conexión americana
300
_a
Vol. 23, Núm 23 (1993), Páginas 44
773
0
_t
Cambio 16
942
_c
ANA
999
_c
58335
_d
58335